| 000 | 00710cam a2200229 i 4500 | ||
|---|---|---|---|
| 001 | 847371 | ||
| 005 | 20180312061542.0 | ||
| 008 | 780914s1979 moua b 001 0 eng | ||
| 010 | _a 78011405 | ||
| 020 | _a0801602556 | ||
| 040 |
_aDLC _cDLC _dDLC |
||
| 041 | _aeng | ||
| 080 | _a612 PAR | ||
| 082 | 0 | 0 | _a612 PAR |
| 100 | 1 | _a7 | |
| 101 | _aANA | ||
| 245 | 1 | 0 |
_aTextbook of anatomy and physiology / _cCatherine Parker Anthony, Gary A. Thibodeau, with chapters 18 and 19 rev. by Kathleen Schmidt Prezbindowski ; and with ill. by Ernest W. Beck. |
| 504 | _aBibliography: p. 676-680. | ||
| 740 | 0 | _aAnatomy and physiology. | |
| 906 |
_a7 _bcbc _corignew _d1 _eocip _f19 _gy-gencatlg |
||
| 942 |
_2ddc _cBK |
||
| 999 |
_c44713 _d44713 |
||